00364 2200145 4500001002100000005001500021035002000036245005300056100003200109300001200141260003100153082000800184084001400192990001200206INLIS00000000000207220250527094809 a0010-05250003641 aKamus Indo-Jerman /cBr. Aetius Ratna E.Tjahjono0 aBr. Aetius Ratna E.Tjahjono a316 hlm aJakarta :bErlangga,c1994 a430 a430 BR. k a0713115